000 00207 a2200097 4500
001 25573
100 _aNaqi, S A
245 _aShaheed-e-Insaniat
260 _a
_bMuktaba Imamia
_c1971
090 _c17294
_d17294
942 _aNUST-CAE
_cM
_c8107
999 _c260646
_d260646